| 000 | 00842nam a22002051 4500 | ||
|---|---|---|---|
| 001 | 180124 | ||
| 003 | ES-MaACL | ||
| 005 | 20230906221014.0 | ||
| 008 | 120420s1949 sp |||| | spa d | ||
| 100 | 1 |
_aDíez Echarri, Emiliano. _944722 |
|
| 245 | 1 | 0 |
_aTeorias métricas del siglo de oro _b: apuntes para la historia del verso español / _cpor Emiliano Díez Echarri. |
| 260 |
_aMadrid : _bConsejo Superior de Investigaciones Científicas, Patronato "Menéndez y Pelayo", Instituto Miguel de Cervantes" |
||
| 300 |
_a355 p. ; _c24 cm. |
||
| 490 | 1 |
_aAnejos de "La Revista de Filología Española" ; _v47 |
|
| 650 | 0 | 4 |
_aLengua española- _xRima. _914182 |
| 710 | 2 |
_aInstituto "Miguel de Cervantes" _95133 |
|
| 830 | 0 |
_aAnejos de "La Revista de Filología Española" ; _v47 _9191161 |
|
| 852 |
_aES-MaACL _jE-15394 |
||
| 999 |
_c180124 _d180124 |
||